| 000 | 00447nam a2200157Ia 4500 | ||
|---|---|---|---|
| 005 | 20241025051321.0 | ||
| 008 | 240331s9999 xx 000 0 und d | ||
| 020 | _a9780143417729 | ||
| 082 |
_bGOK _a823 |
||
| 100 | _aGokhale, N | ||
| 245 | 4 | _aThe Habit of LOVE | |
| 260 |
_aNew Delhi _bPenguin Books India _c2012 |
||
| 300 | _aviii, 184 p ., | ||
| 500 | _aThe Habit of Love is a collection of stories about the inner lives of women. | ||
| 942 | _cL | ||
| 999 |
_c5694 _d5694 |
||